Stade Rennais FC Squad 2022-2023 - Statistics

General Stats
  • This quiz has been taken 9 times
  • The average score is 20 of 32
Answer Stats
# Position Nation Player % Correct
5 DF Belgium Arthur Theate
88%
14 MF France Benjamin Bourigeaud
88%
27 DF Mali Hamari Traoré
88%
10 FW Belgium Jérémy Doku
88%
2 DF Wales Joe Rodon
88%
17 FW Cameroon Karl Toko Ekambi
88%
30 GK France Steve Mandanda
88%
9 FW France Arnaud Kalimuendo
75%
15 DF Cameroon Christopher Wooh
75%
90 DF England Djed Spence
75%
1 GK Turkey Doğan Alemdar
75%
34 FW Morocco Ibrahim Salah
75%
21 MF Croatia Lovro Majer
75%
7 FW France Martin Terrier
75%
3 DF France Adrien Truffert
63%
19 FW France Amine Gouiri
63%
8 MF France Baptiste Santamaria
63%
25 DF Norway Birger Meling
63%
33 MF France Désiré Doué
63%
31 DF France Guéla Doué
63%
10 FW Ghana Kamaldeen Sulemana
63%
80 MF Portugal Xeka
63%
- Coach France Bruno Génésio
50%
18 FW France Jeanuël Belocian
50%
89 GK France Romain Salin
50%
23 DF France Warmed Omari
50%
20 MF France Flavien Tait
38%
6 MF France Lesley Ugochukwu
38%
28 FW France Matthis Abline
38%
22 DF France Lorenz Assignon
25%
35 MF France Noah Françoise
25%
50 GK Tunisia Elias Damergy
0%
No matching quizzes found
Score Distribution
Percent of People with Each Score
Percentile by Number Answered
Your Score History
You have not taken this quiz